000
00271nam a22001217a 4500
008
180313b xxu||||| |||| 00| 0 eng d
041
_a
eng
080
_a
94
100
_a
16
101
_a
his
245
_a
the people england of history
_c
ashley/.m
942
_2
udc
_c
BK
999
_c
44850
_d
44850